000 00426nam a2200169 a 4500
001 0000-8934
003 ELIB.Books
008 110520 1971
035 _a(ELIB.Books)0000-9082
082 _a220
_bNew
100 _aNew Testament
245 _aTouched By the Fire
260 _bUSA; American Bible Society
_c1971
650 _aBible - New Testament
942 _2ddc
_cBK
998 _cbat
_e2011-05-20
999 _c8934
_d8934